000
00344 a2200157 4500
001
48077
020
_a
9788551303498
040
_c
Anchieta - Aquarius
100
_a
Gontijo, Silvana
240
1
0
_a
Como tudo começou
_l
por
245
1
0
_a
Como tudo começou
300
_a
59
362
0
_a
2018
650
4
_a
Literatura brasileira
942
_c
BK
999
_c
48077
_d
48077